000 00651cam a2200205 4500
001 WB3548-08
008 000000n1999 000 0 eng u
035 _a(Sirsi) u103061
245 _aPFI plan 'will increase deals'
260 _c1999
490 _aFinancial Times
_v 8 December 1999, 3(1)
520 _aGovernment claims that Partnerships UK (the privatised PFI taskforce) will increase the flow of private finance initiative deals.
590 _aWB
650 _aPFI
650 _aPRIVATE FINANCE INITIATIVE
650 _aPARTNERSHIPS UK
650 _aPRIVATISATION
690 _aPROPERTY-PROPERTY FINANCE AND INVESTMENT
942 _n0
999 _c61933
_d61933